Представление документа в формате MARC21

Поле Инд. ПП Название Значение
Тип записи a
Библиографический уровень a
001 Контрольный номер 47a81233f35d4e4c8d90e031c0e965ec
005 Дата корректировки 20160429090059.1
020 a ISBN 978-5-7609-0898-8
040 a Служба первич. каталог. НБ ТвГУ
b Код языка каталог. rus
e Правила каталог. PSBO
041 0_ a Код языка текста rus
097 b Оператор komarovaES
100 1_ a Автор Подушков Дмитрий Леонидович
q Полное имя Подушков Д. Л.
245 10 a Заглавие Григорий Васильевич Сорока (1823-1864)
260 a Место издания Тверь
b Издательство Тверской государственный университет
504 a Библиография Библиогр.: с. 47 (13 назв.)
520 0_ a Аннотация Статья посвящена Григорию Васильевичу Сороке (1823-1864). Из всех учеников Венецианова наиболее глубокий след в русской живописи оставил Г. В. Сорока. Г. В. Сорока родился 15 ноября 1823 г. В "Метрической книге родившихся, браком сочетавшихся и умерших по церквам Вышневолоцкого уезда Тверской области".
653 0_ a Ключевые слова Краеведение
a Ключевые слова Сорока Григорий Васильевич
a Ключевые слова Писатели
a Ключевые слова Церковь
a Ключевые слова Метрическая книга
773 18 w Контрольный № источника bbef9fa1214a4d1fa132c6dcd5abf87a
t Название источника Тверская история и наука России
d Место и дата издания Тверь : Тверской государственный университет, 2014
g Прочая информация Вып. 7. - С. 37-47
901 t Тип документа a
920 a Оператор Кома